logo

Bir Sreshtho Munshi Abdur Rouf Library
Jhenaidah Cadet College

১৯৭১ : (Record no. 10843)

MARC details
000 -LEADER
fixed length control field 00728nam a2200229 a 4500
001 - CONTROL NUMBER
JCCL Control Number 10843
003 - CONTROL NUMBER IDENTIFIER
JCCL marc code BD-JhCC
005 - DATE AND TIME OF LATEST TRANSACTION
control field 20190708100603.0
008 - FIXED-LENGTH DATA ELEMENTS--GENERAL INFORMATION
fixed length control field 190521b20192014bd ||||| a||| 00| 0 ben d
020 ## - INTERNATIONAL STANDARD BOOK NUMBER
International Standard Book Number 9789849074748
035 ## - SYSTEM CONTROL NUMBER
system control number (BD-JhCC)10843
040 ## - CATALOGING SOURCE
Original cataloging agency BD-JhCC
Modifying agency BD-JhCC
041 ## - LANGUAGE CODE
Language code of Book eng
082 ## - DEWEY DECIMAL CLASSIFICATION NUMBER
Author mark and Year KHO 2019
Classification number 954.92
100 ## - MAIN ENTRY--PERSONAL NAME
Personal name খন্দকার, এ কে
245 ## - TITLE STATEMENT
Title ১৯৭১ :
Remainder of title ভেতরে বাইরে /
Statement of responsibility, etc এ কে খন্দকার
260 ## - PUBLICATION, DISTRIBUTION, ETC. (IMPRINT)
Place of publication, distribution, etc ঢাকা, বাংলাদেশ:
Name of publisher, distributor, etc প্রথমা প্রকাশন,
Date of publication, distribution, etc 2019.
300 ## - PHYSICAL DESCRIPTION
Pagination 231 p.
Other physical details Included
Dimensions 22 cm.
650 ## - SUBJECT ADDED ENTRY--TOPICAL TERM
Topical term or geographic name as entry element History of Bangladesh in -1971
Geographic subdivision Bangaldesh
942 ## - ADDED ENTRY ELEMENTS (KOHA)
Source of classification or shelving scheme Dewey Decimal Classification
Koha item type Books
Holdings
Source of classification or shelving scheme Damaged status Not for loan Home library Current library Shelving location Date of accession Cost, normal purchase price Total Checkouts Full call number Barcode Date last seen Copy number Koha item type
Dewey Decimal Classification     JCC Rouf Library JCC Rouf Library General Stacks 06/19/2019 450.00   954.92 KHO 2019 14753 05/21/2019 C-1 Books
Dewey Decimal Classification     JCC Rouf Library JCC Rouf Library General Stacks 06/08/2019 450.00   954.92 KHO 2019 15169 07/08/2019 C-2 Books

JCC Library | Contacts | JCC Home

Last Update on 23 September 2017
Copyright @ 2017-2020 JCC Rouf Library
Rouf Library, Jhenidah Cadet College (JCC), Bangladesh